Gaming Quiz

Random Gaming or Board Games Quiz

Dungeons and Dragons Classes Quiz Stats

 Plays Quiz Updated Oct 16, 2019

Score 0/25 Timer 07:00
1 Play Today
Class % Correct
Wizard
86.3%
Fighter
80.6%
Paladin
77.8%
Cleric
74%
Mage
72.4%
Ranger
70.6%
Rogue
69.8%
Barbarian
67.6%
Thief
66.6%
Druid
64.4%
Bard
61.4%
Sorcerer
58.4%
Monk
55.4%
Class % Correct
Elf
48.9%
Warlock
48.8%
Dwarf
44.8%
Priest
43.3%
Assassin
37.5%
Specialist wizard
30.4%
Halfling
30%
Magic-User
28.3%
Warlord
23.8%
Illusionist
21.8%
Fighting Man
14.8%
Mystic
8.6%

You're not logged in!

Compare scores with friends on all Sporcle quizzes.
OR
Log In

Sporcle TV

Today on Sporcle TV


Watch our educational content, quiz creation guides, and fun videos on Sporcle TV.

Show Comments

Extras

Top Quizzes Today


Score Distribution

Your Account Isn't Verified!

In order to create a playlist on Sporcle, you need to verify the email address you used during registration. Go to your Sporcle Settings to finish the process.

Report this User

Report this user for behavior that violates our Community Guidelines.

Details: